00390nam a22001457a 450000500170000000800410001702200130005804100130007108200120008410000130009624500350010926000480014430000260019265000260021820240415102622.0240415b |||||||| |||| 00| 0 eng d a02582503 aEnglish  a349 SOU lEnglish  aThe South African Law Journal  aCape Town : bJuta and Company Ltd, c2003  b209 pages ; c25 cm.  aLegal practice bLaw